Employment and training schemes for rural youth (Record no. 21089)

000 -LEADER
fixed length control field 00382pab a2200145 454500
008 - FIXED-LENGTH DATA ELEMENTS--GENERAL INFORMATION
fixed length control field 180718b1985 xxu||||| |||| 00| 0 eng d
100 ## - MAIN ENTRY--PERSONAL NAME
Personal name Phan - They, N.
245 ## - TITLE STATEMENT
Title Employment and training schemes for rural youth
Remainder of title Learning from experience
260 ## - PUBLICATION, DISTRIBUTION, ETC.
Date of publication, distribution, etc. 1985
300 ## - PHYSICAL DESCRIPTION
Extent 435-46
362 ## - DATES OF PUBLICATION AND/OR SEQUENTIAL DESIGNATION
Dates of publication and/or sequential designation Aug.
650 ## - SUBJECT ADDED ENTRY--TOPICAL TERM
Topical term or geographic name entry element Youth
773 ## - HOST ITEM ENTRY
Main entry heading International Labour Review
909 ## -
-- 21089
Holdings
Withdrawn status Lost status Damaged status Not for loan Permanent Location Current Location Date acquired Serial Enumeration / chronology Barcode Date last seen Price effective from Koha item type
        Indian Institute of Public Administration Indian Institute of Public Administration 2018-07-19 Volume no: 124, Issue no: 4 AR21158 2018-07-19 2018-07-19 Articles

Powered by Koha